00323 a2200073 4500245020100000100002200201260000900223300001700232 aHormones and Cell Regulation = Hormones et régulation cellulaire 5 : Procedings of the 15 th I.N.S.E.R.M. European Symposium and Cell Regulation, held at Mont Sainte Odile, 24 -27 septembre 1990 aINSERM Symposium  c1990 aXIX - 117 p.